书目信息 |
| 题名: |
基尔霍夫定律
|
|
| 作者: | 基尔霍夫 , Kirchhoff 著 ;宗孔德 译 | |
| 分册: | ||
| 出版信息: | 北京 人民教育出版社 1981 |
|
| 页数: | 116页 | |
| 开本: | 19cm | |
| 丛书名: | ||
| 单 册: | ||
| 中图分类: | TN211 | |
| 科图分类: | ||
| 主题词: | 基尔霍夫定律 | |
| 电子资源: | ||
| ISBN: | ||
| 000 | 00702nam0 2200253 45 | |
| 001 | 0181004211 | |
| 005 | 20060802094341.15 | |
| 010 | @dCNY0.36 | |
| 091 | @a15012.0346 | |
| 100 | @a19950602d1981 em y0chiy0121 ea | |
| 101 | 1 | @achi@cger |
| 102 | @aCN@b110000 | |
| 105 | @ay z 000yy | |
| 200 | 10 | @a基尔霍夫定律@Aji er huo fu ding lv@f(德)基尔霍夫(G.R.Kirchhoff)著@g宗孔德译 |
| 210 | @a北京@c人民教育出版社@d1981 | |
| 215 | @a116页@d19cm | |
| 606 | @a基尔霍夫定律 | |
| 690 | @aTN211@v3 | |
| 701 | 1 | @a基尔霍夫@Aji er huo fu@bG.R.@4著 |
| 701 | A1 | @aKirchhoff@bG.R.@4著 |
| 702 | 0 | @a宗孔德@Azong kong de@4译 |
| 801 | 2 | @aCN@bNLC@c20060802 |
| 801 | 0 | @aCN@bTSSF |
| 905 | @a10447@dTN211@e63 | |
| 基尔霍夫定律/(德)基尔霍夫(G.R.Kirchhoff)著/宗孔德译.-北京:人民教育出版社,1981 |
| 116页;19cm |
| ISBN :CNY0.36 |
| ● |
| 相关链接 |
|
|
|
|
正题名:基尔霍夫定律
索取号:TN211/63
 
预约/预借
| 序号 | 登录号 | 条形码 | 馆藏地/架位号 | 状态 | 备注 |
| 1 | 0439429 | 204394299 | 密集书库/ [索取号:TN211/63] | 在馆 | |
| 2 | 0439430 | 204394306 | 密集书库/ [索取号:TN211/63] | 在馆 | |
| 3 | 0439431 | 204394315 | 密集书库/ [索取号:TN211/63] | 在馆 |